[Event "10th EICC"]
[Site "Budva MNE"]
[Date "2009.03.14"]
[Round "8"]
[White "Nyzhnyk,I"]
[Black "Bosiocic,Mari"]
[Result "0-1"]
[WhiteElo "2504"]
[BlackElo "2578"]
[EventDate "2009.03.06"]

1. d4 Nf6 2. c4 e6 3. Nf3 b6 4. g3 Ba6 5. Qa4 Bb7 6. Bg2 g6 7. O-O Bg7 8.
Qc2 O-O 9. Nc3 d5 10. cxd5 exd5 11. Bf4 c6 12. Rac1 Na6 13. Rfd1 Nc7 14.
Bxc7 Qxc7 15. e3 Qe7 16. Ne5 Ne8 17. Nd3 Nd6 18. Ne2 Rfe8 19. Nef4 Rac8 20.
b3 Ne4 21. b4 Ba6 22. a3 Ra8 23. Ne2 h5 24. Nc3 Nd6 25. Nf4 Bc4 26. a4 a6
27. Nb1 h4 28. Nd2 hxg3 29. hxg3 b5 30. Nxc4 bxc4 31. Rb1 Rab8 32. Re1 Rb7
33. Qd2 Reb8 34. Rb2 Bf6 35. Reb1 Kg7 36. Ne2 Ne4 37. Qe1 Bg5 38. Nc3 Nxg3
39. fxg3 Bxe3+ 40. Kh2 Rh8+ 41. Bh3 Qd7 42. g4 Bxd4 43. Kg2 Qd6 44. Rd1 Re7
45. Re2 Rxe2+ 46. Nxe2 Bf6 47. Ng3 Qf4 48. b5 axb5 49. axb5 Qh6 50. Qh1 c3
51. Rd3 0-1

[Event "10th EICC"]
[Site "Budva MNE"]
[Date "2009.03.14"]
[Round "8"]
[White "Khenkin,I"]
[Black "Stojanovic,Da"]
[Result "1-0"]
[WhiteElo "2644"]
[BlackElo "2469"]
[EventDate "2009.03.06"]

1. d4 d5 2. c4 c6 3. e3 Nf6 4. Bd3 e6 5. Nf3 a6 6. b3 c5 7. O-O Nc6 8. Bb2
Be7 9. Nbd2 O-O 10. dxc5 Bxc5 11. Rc1 b6 12. cxd5 exd5 13. a3 a5 14. Rc2
Qe7 15. Qa1 Rd8 16. Nd4 Nxd4 17. Bxd4 Bxd4 18. Qxd4 Qxa3 19. Qxb6 Be6 20.
Qd4 Qb4 21. Qxb4 axb4 22. Nf3 Rdc8 23. Rxc8+ Bxc8 24. Nd4 Bd7 25. f3 Kf8
26. Rc1 Ra7 27. g4 h6 28. h4 g6 29. Kf2 Ke7 30. Kg3 Ne8 31. Bb5 Bxb5 32.
Nxb5 Rb7 33. Rc5 Rd7 34. Rc6 Rb7 35. Nd4 Ng7 36. Kf4 f6 37. Kg3 h5 38. g5
Ne8 1-0

[Event "10th EICC"]
[Site "Budva MNE"]
[Date "2009.03.14"]
[Round "8"]
[White "Maze,S"]
[Black "Papadopoulos,I"]
[Result "1-0"]
[WhiteElo "2579"]
[BlackElo "2455"]
[EventDate "2009.03.06"]

1. e4 c5 2. Nf3 d6 3. d4 cxd4 4. Nxd4 Nf6 5. Nc3 a6 6. Bg5 e6 7. f4 Qb6 8.
Nb3 Nbd7 9. Qf3 Qc7 10. a4 Be7 11. O-O-O b6 12. Bd3 Bb7 13. Rhe1 Rc8 14.
Qh3 e5 15. g4 O-O 16. Rd2 h6 17. Bh4 exf4 18. g5 hxg5 19. Bxg5 Ne5 20. Nd4
1-0

[Event "10th EICC"]
[Site "Budva MNE"]
[Date "2009.03.14"]
[Round "8"]
[White "Kotanjian,T"]
[Black "Kapnisis,S"]
[Result "1-0"]
[WhiteElo "2568"]
[BlackElo "2441"]
[EventDate "2009.03.06"]

1. d4 Nf6 2. c4 e6 3. Nc3 Bb4 4. Qc2 c5 5. dxc5 O-O 6. a3 Bxc5 7. Nf3 b6 8.
Bf4 Bb7 9. Rd1 Nc6 10. b4 Nh5 11. Bc1 Be7 12. e4 Rc8 13. Be2 a5 14. b5 Nb8
15. Na4 Qc7 16. Be3 Bxa3 17. O-O Nf4 18. Nxb6 Bxe4 19. Qd2 Nxe2+ 20. Qxe2
Rcd8 21. Nd2 Bg6 22. Na4 Qe5 23. c5 d5 24. Nf3 Bh5 25. Qd3 Bxf3 26. gxf3
Bb4 27. c6 d4 28. f4 Qh5 29. Bd2 Rd5 30. Bxb4 axb4 31. c7 Nd7 32. Rc1 Rc8
33. b6 Rb5 34. Rfd1 Kf8 35. Qxd4 Rd5 36. Qxb4+ Kg8 37. Rxd5 Qg4+ 38. Kf1
Qh3+ 39. Ke1 exd5 40. Qe7 Qf3 41. b7 1-0

[Event "10th EICC"]
[Site "Budva MNE"]
[Date "2009.03.14"]
[Round "8"]
[White "Evdokimov,Alexa"]
[Black "Matsenko,S"]
[Result "1/2-1/2"]
[WhiteElo "2545"]
[BlackElo "2429"]
[EventDate "2009.03.06"]

1. e4 c5 2. Nf3 Nc6 3. d4 cxd4 4. Nxd4 Qc7 5. Nc3 e6 6. g3 a6 7. Bg2 Nf6 8.
O-O Be7 9. Re1 O-O 10. Nxc6 dxc6 11. e5 Rd8 12. Qf3 Nd5 13. h4 Nxc3 14.
Qxc3 Bd7 15. Bg5 Bxg5 16. hxg5 c5 17. Rad1 Be8 18. Qe3 Rac8 19. c3 b6 20.
Qf4 Bc6 21. Bxc6 Qxc6 22. Rd2 Rd5 23. c4 Rd4 24. Rxd4 cxd4 25. Qxd4 Qxc4
26. Qxb6 Qxa2 27. Rd1 g6 28. Qb4 a5 29. Qb5 a4 30. Qb4 Kg7 31. Qf4 1/2-1/2

[Event "10th EICC"]
[Site "Budva MNE"]
[Date "2009.03.14"]
[Round "8"]
[White "Jovanic,O"]
[Black "Kurmann,O"]
[Result "0-1"]
[WhiteElo "2527"]
[BlackElo "2415"]
[EventDate "2009.03.06"]

1. d4 e6 2. c4 Nf6 3. Nc3 c5 4. d5 exd5 5. cxd5 d6 6. e4 g6 7. f4 Bg7 8.
Bb5+ Nfd7 9. Nf3 a6 10. Bd3 b5 11. O-O O-O 12. Kh1 Nb6 13. a3 Bg4 14. Qe1
Bxf3 15. Rxf3 Re8 16. Qf2 N8d7 17. Bd2 b4 18. axb4 cxb4 19. Nd1 Nc5 20.
Bxb4 Nxe4 21. Bxe4 Rxe4 22. Ba5 Bd4 23. Qf1 Qe7 24. Bxb6 Bxb6 25. Nc3 Rb4
26. Re1 Qb7 27. Ne4 Bd4 28. Qd3 f5 29. Ng5 Qxd5 30. Re7 h6 31. Ne6 Qc4 32.
Qd1 Bf6 33. Rg3 Bxe7 34. Rxg6+ Kf7 35. Rxh6 Bf6 36. Ng5+ Kg7 37. Rxf6 Kxf6
38. Qxd6+ Kg7 39. Qe7+ Kg8 40. Qh7+ Kf8 41. Nf3 Re8 42. Qxf5+ Ke7 43. Kg1
Qc1+ 44. Kf2 Qxf4 0-1

[Event "10th EICC"]
[Site "Budva MNE"]
[Date "2009.03.14"]
[Round "8"]
[White "Drazic,S"]
[Black "Yilmaz,M"]
[Result "0-1"]
[WhiteElo "2513"]
[BlackElo "2400"]
[EventDate "2009.03.06"]

1. e4 c5 2. Nf3 d6 3. d4 cxd4 4. Nxd4 Nf6 5. Nc3 a6 6. h3 e6 7. g4 d5 8.
exd5 Nxd5 9. Bd2 Bc5 10. Nb3 Bb6 11. Bg2 O-O 12. Qf3 a5 13. a4 Nc6 14. O-O
Ndb4 15. Rad1 Qe7 16. Qe4 e5 17. Nd5 Nxd5 18. Qxd5 Nb4 19. Qb5 Ra6 20. c3
Nc6 21. Kh1 Qh4 22. Kg1 h5 23. Nc5 Bxc5 24. Qxc5 hxg4 25. hxg4 Bxg4 26. Qc4
Nd4 27. cxd4 Bh3 28. Qxa6 bxa6 29. Bxh3 Qxh3 30. Be3 Rd8 31. f3 Qg3+ 32.
Kh1 exd4 33. Bg1 Qh4+ 34. Bh2 d3 35. Rd2 Re8 36. Rff2 Qh3 37. Rd1 Re2 38.
Rxe2 dxe2 0-1

[Event "10th EICC"]
[Site "Budva MNE"]
[Date "2009.03.14"]
[Round "8"]
[White "Ekstroem,R"]
[Black "Georgiadis,I"]
[Result "1/2-1/2"]
[WhiteElo "2495"]
[BlackElo "2383"]
[EventDate "2009.03.06"]

1. c4 e6 2. Nc3 Bb4 3. Qb3 Nc6 4. Nf3 Nf6 5. a3 Bxc3 6. Qxc3 O-O 7. b4 d6
8. e3 e5 9. d3 Re8 10. Bb2 a5 11. b5 Nb8 12. Be2 Nbd7 13. O-O Nc5 14. a4
Bg4 15. h3 Bh5 16. Rfd1 Qc8 17. Kh2 h6 18. Qe1 Qe6 19. e4 Nfd7 20. Nh4 Bxe2
21. Qxe2 Kh7 22. Nf5 Nf8 23. Rf1 c6 24. Ba3 g6 25. Bxc5 dxc5 26. Ne3 Qd6
27. g3 Ne6 28. Ng4 Nd4 29. Qd1 f5 30. exf5 gxf5 31. Ne3 Qg6 32. bxc6 bxc6
33. Rb1 Rab8 34. Nc2 f4 35. Rxb8 Rxb8 36. Nxd4 cxd4 37. gxf4 Rg8 38. Qf3
Rf8 39. Rg1 Rxf4 40. Rxg6 Rxf3 41. Rxc6 Rxf2+ 42. Kg1 Ra2 43. Rc5 Rxa4 44.
Rxe5 Ra3 45. Kg2 Kg6 46. Rd5 Rxd3 47. Rxa5 Rc3 48. Rc5 Kf6 1/2-1/2

[Event "10th EICC"]
[Site "Budva MNE"]
[Date "2009.03.14"]
[Round "8"]
[White "Valeanu,E"]
[Black "Simacek,P"]
[Result "1/2-1/2"]
[WhiteElo "2432"]
[BlackElo "2493"]
[EventDate "2009.03.06"]

1. e4 e5 2. Nf3 Nc6 3. Bb5 a6 4. Ba4 Nf6 5. O-O Nxe4 6. d4 b5 7. Bb3 d5 8.
dxe5 Be6 9. Nbd2 Nc5 10. c3 Nd3 11. Qe2 Nf4 12. Qe3 g5 13. Rd1 Na5 14. h4
h6 15. Ne4 dxe4 16. Rxd8+ Rxd8 17. Nd2 Nxb3 18. axb3 Rd3 19. Qe1 e3 20.
fxe3 Nd5 21. Nf3 Bc5 22. Nd4 Bg4 23. Rxa6 Kd7 24. Bd2 Nxe3 25. Bxe3 Rd1 26.
Qxd1 Bxd1 27. b4 Bxd4 28. cxd4 Bb3 29. hxg5 hxg5 30. Bxg5 Bd5 31. Bf4 Rg8
32. g3 Rh8 33. Rh6 Rxh6 34. Bxh6 Ke6 35. Kf2 c6 36. g4 Be4 37. Ke3 Bd5
1/2-1/2

[Event "10th EICC"]
[Site "Budva MNE"]
[Date "2009.03.14"]
[Round "8"]
[White "Reutsky,S"]
[Black "Arsovic,Z"]
[Result "1-0"]
[WhiteElo "2381"]
[BlackElo "2475"]
[EventDate "2009.03.06"]

1. e4 c5 2. Nf3 d6 3. d4 cxd4 4. Nxd4 Nf6 5. Nc3 Nc6 6. Bc4 e6 7. Be3 a6 8.
Qe2 Nxd4 9. Bxd4 Be7 10. O-O-O b5 11. Bb3 Bb7 12. g4 b4 13. Na4 O-O 14. Nb6
Rb8 15. f3 Bc6 16. Qxa6 Qc7 17. g5 Nh5 18. Be3 Rb7 19. Ba4 Bxg5 20. Bxg5
Rxb6 21. Qc4 Qb7 22. Bb3 d5 23. exd5 Bxd5 24. Qc5 h6 25. Bxd5 exd5 26. Be3
Ra6 27. Qxd5 Qxd5 28. Rxd5 Nf6 29. Rd4 Rxa2 30. Rhd1 Re8 31. Kb1 Raa8 32.
R1d3 Rab8 33. b3 Rb5 34. Bd2 Reb8 35. Kb2 Kh7 36. Rd6 Kg6 37. R3d4 h5 38.
h4 Rf5 39. Rxb4 Rxb4 40. Bxb4 Rf4 41. Be1 Rxf3 42. c4 Kf5 43. b4 Ne4 44.
Rd5+ Ke6 45. b5 Nd6 46. Rd4 Rf5 47. b6 f6 48. Bb4 Nxc4+ 49. Rxc4 Rb5 50.
Rc6+ Kd5 51. Rd6+ Kc4 52. Ka3 g5 53. Rc6+ 1-0

[Event "10th EICC"]
[Site "Budva MNE"]
[Date "2009.03.14"]
[Round "8"]
[White "Neverov,V"]
[Black "Mijovic,S"]
[Result "1-0"]
[WhiteElo "2560"]
[BlackElo "2300"]
[EventDate "2009.03.06"]

1. e4 c5 2. Nf3 e6 3. d4 cxd4 4. Nxd4 Nf6 5. Nc3 d6 6. g4 h6 7. Rg1 Nc6 8.
Be3 g5 9. Qd2 Ne5 10. Be2 Ng6 11. O-O-O a6 12. Nf3 Be7 13. h4 gxh4 14. Bxh6
b5 15. g5 Nd7 16. Nd4 Bb7 17. f4 b4 18. Na4 Bxe4 19. f5 exf5 20. Bd3 Qa5
21. Bxe4 fxe4 22. b3 Rc8 23. Kb1 Nde5 24. Nf5 Nc4 25. bxc4 Qxf5 26. Nb6 Rc6
27. Nd5 Ne5 28. Qxb4 Nxc4 29. Rgf1 Qe5 30. c3 e3 31. Qa4 Kd7 32. Rxf7 Rb8+
33. Kc1 Nb6 34. Rxe7+ Qxe7 35. Qxc6+ Kxc6 36. Nxe7+ Kc5 37. g6 1-0

[Event "10th EICC"]
[Site "Budva MNE"]
[Date "2009.03.14"]
[Round "8"]
[White "Lajthajm,B"]
[Black "Schmidt,Rau"]
[Result "1/2-1/2"]
[WhiteElo "2502"]
[BlackElo "2382"]
[EventDate "2009.03.06"]

1. d4 Nf6 2. c4 g6 3. Nc3 Bg7 4. e4 d6 5. h3 O-O 6. Be2 e5 7. d5 Ne8 8. g4
f5 9. g5 Na6 10. Bf3 Nc5 11. Be3 fxe4 12. Nxe4 Bf5 13. Qc2 b5 14. cxb5 a6
15. bxa6 Rxa6 16. Ne2 Qb8 17. Bxc5 dxc5 18. N2c3 Nd6 19. Qe2 Ra5 20. Nxd6
cxd6 21. Be4 Bxe4 22. Nxe4 Qb4+ 23. Kf1 Ra4 24. Nc3 Ra7 25. Rh2 Qf4 26. Rg2
e4 27. Qxe4 Qxe4 28. Nxe4 Bxb2 29. Re1 Ra6 30. Re2 Rxa2 31. Rg4 Ra1+ 32.
Kg2 Be5 33. h4 Rd1 34. f4 Bg7 35. Nxd6 Rxd5 36. Ne4 c4 1/2-1/2

[Event "10th EICC"]
[Site "Budva MNE"]
[Date "2009.03.14"]
[Round "8"]
[White "Larino Nieto,D"]
[Black "Kontic,D"]
[Result "1-0"]
[WhiteElo "2488"]
[BlackElo "2369"]
[EventDate "2009.03.06"]

1. e4 c5 2. Nc3 Nc6 3. g3 Rb8 4. Bg2 b5 5. d3 b4 6. Nd5 e6 7. Ne3 Nge7 8.
Ne2 g6 9. O-O Bg7 10. a3 a5 11. axb4 axb4 12. f4 Nd4 13. g4 Nxe2+ 14. Qxe2
Nc6 15. f5 Qh4 16. Nc4 Nd4 17. Qd1 Bh6 18. fxe6 O-O 19. exf7+ Rxf7 20. Nd6
Rxf1+ 21. Qxf1 Bb7 22. Bxh6 Qxh6 23. Nxb7 Rf8 24. Qe1 Qf4 25. Qh4 g5 26.
Qh3 Qf2+ 27. Kh1 Qxc2 28. e5 Qxb2 29. Rg1 Rf4 30. Be4 Rxe4 31. dxe4 c4 32.
Qf1 Qe2 33. Nc5 b3 34. Nxd7 Qxf1 35. Rxf1 c3 36. Nc5 b2 37. e6 Nf3 38. Na4
Kg7 39. e7 Nd2 40. e8=Q 1-0

[Event "10th EICC"]
[Site "Budva MNE"]
[Date "2009.03.14"]
[Round "8"]
[White "Chibukhchian,A"]
[Black "Van Eijk,S"]
[Result "0-1"]
[WhiteElo "2444"]
[BlackElo "2355"]
[EventDate "2009.03.06"]

1. Nf3 Nf6 2. d4 e6 3. c4 c5 4. e3 a6 5. a3 d5 6. dxc5 Bxc5 7. b4 Be7 8.
cxd5 exd5 9. Bb2 a5 10. b5 Nbd7 11. Nc3 Nc5 12. Na4 Nce4 13. Be2 O-O 14.
O-O Be6 15. Qd4 Bd6 16. Ne1 Rc8 17. Rd1 Qe7 18. f3 Nc5 19. Nxc5 Bxc5 20.
Qd3 Ne8 21. Nc2 Nd6 22. Qd2 Rfe8 23. Rfe1 Bf5 24. Bd3 Bxd3 25. Qxd3 Nc4 26.
Bc1 Rcd8 27. Kh1 Qh4 28. g3 Qf6 29. Kg2 a4 30. e4 Nb6 31. exd5 Rxe1 32.
Rxe1 Nxd5 33. Qc4 Qc3 34. Qxa4 f5 35. Re2 h6 36. Qh4 Rf8 37. Rd2 Ne3+ 38.
Nxe3 Bxe3 39. Rd8 Bxc1 40. Rxf8+ Kxf8 41. Qd8+ Kf7 42. Qd7+ Kg6 43. Qxb7
Qd2+ 44. Kh3 Qd1 45. Qa6+ Kh7 46. b6 Qxf3 47. b7 Bf4 48. Qb5 Bxg3 0-1

[Event "10th EICC"]
[Site "Budva MNE"]
[Date "2009.03.14"]
[Round "8"]
[White "Durarbeyli,V"]
[Black "Berend,F"]
[Result "1/2-1/2"]
[WhiteElo "2439"]
[BlackElo "2351"]
[EventDate "2009.03.06"]

1. e4 e5 2. Nf3 Nc6 3. Bb5 Nf6 4. d3 Bc5 5. O-O Nd4 6. Nxd4 Bxd4 7. Nd2 c6
8. Ba4 d6 9. h3 Bb6 10. Nf3 h6 11. Nh4 Nxe4 12. dxe4 Qxh4 13. Qxd6 Qxe4 14.
b3 Qg6 15. Qxe5+ Be6 16. Ba3 O-O-O 17. Rae1 Rd5 18. Qc3 Kb8 19. Kh1 Bd4 20.
Qf3 Rhd8 21. Be7 Rf5 22. Qg4 Qxg4 23. hxg4 Rfd5 24. c4 R5d7 25. Bxd8 Rxd8
26. Re4 Bc5 27. b4 Bxb4 28. Bxc6 bxc6 29. Rb1 c5 30. a3 a5 31. axb4 axb4
32. Ra1 Kc7 33. Ra5 Rd1+ 34. Kh2 Kd6 35. Ra6+ Ke7 36. Re5 Rd4 37. Rxc5 Rxg4
38. Rb6 b3 39. Rc7+ Kd8 40. Rc5 Bxc4 41. f3 Rd4 42. Rb4 b2 43. Rxb2 Be6 44.
g4 Ke7 45. Kg3 Rd3 46. Rh5 Bd5 47. Rf5 Be6 48. Rf4 Rd5 49. Rb7+ Kf8 50.
Rb8+ Ke7 51. Ra8 Rg5 52. Rb4 Kf6 53. Kh4 Kg6 54. Rb6 Kh7 55. Rbb8 Kg6 56.
Rh8 Kf6 57. Ra6 Kg6 1/2-1/2

[Event "10th EICC"]
[Site "Budva MNE"]
[Date "2009.03.14"]
[Round "8"]
[White "Zolotukhin,V"]
[Black "Devereaux,M"]
[Result "1-0"]
[WhiteElo "2358"]
[BlackElo "2437"]
[EventDate "2009.03.06"]

1. e4 c5 2. Nf3 Nc6 3. d4 cxd4 4. Nxd4 Nf6 5. Nc3 e5 6. Ndb5 d6 7. Bg5 a6
8. Na3 b5 9. Nd5 Be7 10. Bxf6 Bxf6 11. c4 b4 12. Nc2 a5 13. Qf3 Be6 14. Rd1
Bxd5 15. Rxd5 Ne7 16. Rd1 Qb6 17. h4 Ng6 18. g3 b3 19. Qxb3 Qxb3 20. axb3
Rb8 21. Rd3 Bd8 22. Bh3 Ne7 23. Rxd6 O-O 24. Rd3 Bb6 25. Ke2 Nc6 26. Bd7
Nd4+ 27. Nxd4 exd4 28. Ra1 Rfd8 29. Bc6 h5 30. Bd5 Kf8 31. Ra4 Ke7 32. f4
g6 33. b4 axb4 34. Rxb4 Bc5 35. Rb7+ Rxb7 36. Bxb7 Rb8 37. Rb3 Kd6 38. Kd3
f6 39. Rb5 Ba7 40. b4 Kc7 41. Ba6 1-0

[Event "10th EICC"]
[Site "Budva MNE"]
[Date "2009.03.14"]
[Round "8"]
[White "Plenkovic,Z"]
[Black "Schroll,G"]
[Result "1/2-1/2"]
[WhiteElo "2354"]
[BlackElo "2430"]
[EventDate "2009.03.06"]

1. e4 Nf6 2. Nc3 d5 3. e5 Nfd7 4. d4 c5 5. f4 cxd4 6. Nb5 Nc6 7. Nf3 Ndb8
8. Nfxd4 a6 9. Nc3 Nxd4 10. Qxd4 e6 11. Bd3 Nc6 12. Qf2 Be7 13. O-O O-O 14.
Bd2 Bd7 15. Rae1 Nb4 16. Be3 Nxd3 17. cxd3 Bb5 18. Rd1 Rc8 19. Bd4 Qd7 20.
Qe3 f5 21. Rc1 Bc6 22. Ne2 h6 23. a3 Bb5 24. Rxc8 Rxc8 25. Rc1 Rxc1+ 26.
Nxc1 Qc8 27. Qd2 Ba4 28. Kf2 Qc2 29. Qxc2 Bxc2 30. Ke2 Kf7 31. Kd2 Ba4 32.
b4 Bd8 33. Ne2 Bd7 34. Bc5 b5 35. Be3 h5 36. Ng1 Ke8 37. Nf3 Bc8 38. h4 Kd7
39. g3 g6 40. Bc5 Kc7 41. Kc3 Kd7 42. Nd4 Bc7 43. Nb3 1/2-1/2

[Event "10th EICC"]
[Site "Budva MNE"]
[Date "2009.03.14"]
[Round "8"]
[White "Pesotsky,V"]
[Black "Savanovic,A"]
[Result "1-0"]
[WhiteElo "2343"]
[BlackElo "2428"]
[EventDate "2009.03.06"]

1. e4 e5 2. Nf3 Nc6 3. Nc3 Nf6 4. Bb5 Bb4 5. O-O O-O 6. d3 d6 7. Bg5 Bxc3
8. bxc3 Qe7 9. Bxc6 bxc6 10. Nd2 h6 11. Bh4 g5 12. Bg3 Bg4 13. Qc1 Bh5 14.
Nc4 c5 15. Rb1 Be2 16. Re1 Nxe4 17. Rxe2 Nxc3 18. Re1 Nxb1 19. Qxb1 Rfb8
20. Qd1 f5 21. f3 f4 22. Bf2 Qd7 23. a3 Re8 24. h3 h5 25. Qe2 Qf5 26. a4
Kf7 27. a5 Kf6 28. a6 Re6 29. Nd2 Rb8 30. Ra1 Kg6 31. Ne4 Kh6 32. Nc3 Rg6
33. Qe4 Qxe4 34. dxe4 c6 35. Kf1 Kg7 36. Ke2 Kf7 37. g4 hxg4 38. hxg4 Rh6
39. Rb1 Rxb1 40. Nxb1 Rh8 41. Nd2 Ke6 42. Nc4 Rb8 43. Be1 Kd7 44. Bc3 Rh8
45. Be1 Rh2+ 46. Bf2 Kc7 47. Na5 Kb6 48. Nc4+ Kc7 49. Na5 Kb6 50. Nc4+ Kxa6
51. Nxd6 Kb6 52. Nc4+ Kb5 53. Nxe5 c4 54. Nf7 a5 55. e5 c5 56. e6 Kc6 57.
Ne5+ Kd5 58. e7 Rh8 59. Nd7 Ke6 60. Nf8+ Kf7 61. Bxc5 Rh6 62. Kd2 Rc6 63.
Ba3 c3+ 64. Kd3 a4 65. Nh7 1-0

[Event "10th EICC"]
[Site "Budva MNE"]
[Date "2009.03.14"]
[Round "8"]
[White "Misailovic,N"]
[Black "Arsovic,G"]
[Result "1/2-1/2"]
[WhiteElo "2293"]
[BlackElo "2426"]
[EventDate "2009.03.06"]

1. e4 c5 2. Nf3 d6 3. d4 cxd4 4. c3 Nf6 5. e5 dxe5 6. Nxe5 Nbd7 7. Qxd4 e6
8. Bb5 a6 9. Nxd7 Bxd7 10. Bxd7+ Qxd7 11. Qxd7+ Nxd7 12. Be3 Bc5 13. Ke2
Bxe3 14. Kxe3 Rc8 15. Nd2 Ke7 16. Rhd1 Nb6 17. a4 Nd5+ 18. Kf3 Rhd8 19. g3
f5 20. Nb3 e5 21. Ke2 b6 22. Rd2 Nf6 23. Rxd8 Kxd8 24. a5 b5 25. f4 exf4
26. gxf4 Ke7 27. Nd4 g6 28. Nc2 Nd5 29. Rd1 Nxf4+ 30. Ke3 Ne6 31. Nb4 Nc5
32. Kf4 Ke6 33. Re1+ Kf7 34. Rd1 Ke6 35. Re1+ Kd7 36. Kg5 Re8 37. Rd1+ Kc7
38. Rd5 Ne4+ 39. Kh6 Re6 40. Rd4 Nf6 41. Kg7 Nd7 42. Kxh7 g5 43. Kg7 f4 44.
Rd5 g4 45. Rg5 Re7+ 46. Kg6 Re2 47. Nxa6+ Kb7 48. Nb4 Rxh2 49. Kf5 f3 50.
a6+ Ka7 51. Rg7 Rd2 52. Rxg4 f2 53. Rf4 Rxb2 1/2-1/2

[Event "10th EICC"]
[Site "Budva MNE"]
[Date "2009.03.14"]
[Round "8"]
[White "Klenburg,M"]
[Black "Vulevic,V"]
[Result "1-0"]
[WhiteElo "2426"]
[BlackElo "2325"]
[EventDate "2009.03.06"]

1. e4 c5 2. d3 d5 3. Nd2 Nc6 4. Ngf3 Nf6 5. g3 g6 6. Bg2 Bg7 7. O-O O-O 8.
Re1 dxe4 9. dxe4 Qc7 10. c3 Rd8 11. Qe2 e5 12. Nf1 b6 13. Bg5 a5 14. Red1
Ba6 15. Rxd8+ Nxd8 16. Qc2 Ne6 17. Bxf6 Bxf6 18. Ne3 Bg7 19. Nd5 Qb7 20.
Nd2 c4 21. Bf1 Rc8 22. Ne3 b5 23. a4 b4 24. Ndxc4 b3 25. Qb1 Qa7 26. Qd1
Nc5 27. Qf3 Ne6 28. Rd1 Nc5 29. Rd5 Rf8 30. Nd6 Bxf1 31. Kxf1 Nxa4 32. Nec4
Nxb2 33. Nxb2 a4 34. Nb5 Qa6 35. Nc4 Rb8 36. Nca3 Bf8 37. Qe2 Bxa3 38. Nxa3
Qxe2+ 39. Kxe2 b2 40. Rd1 Rb3 41. Nb1 a3 42. Rd8+ 1-0

[Event "10th EICC"]
[Site "Budva MNE"]
[Date "2009.03.14"]
[Round "8"]
[White "Maksimovic,Br"]
[Black "Spiric,I"]
[Result "0-1"]
[WhiteElo "2423"]
[BlackElo "2255"]
[EventDate "2009.03.06"]

1. d4 Nf6 2. Nf3 e6 3. e3 b6 4. Bd3 Bb7 5. O-O Be7 6. c4 c5 7. Nc3 d6 8. d5
e5 9. Nd2 Bc8 10. f4 exf4 11. exf4 O-O 12. Qc2 Na6 13. a3 Nc7 14. b3 h6 15.
Bb2 Ng4 16. Nd1 Bf6 17. h3 Bxb2 18. Qxb2 Nf6 19. Ne3 Rb8 20. Qc3 Re8 21.
Rf3 Rxe3 22. Rxe3 Ncxd5 23. cxd5 Nxd5 24. Rae1 Be6 25. Rxe6 Nxc3 26. Re7
Nd5 27. Rxa7 Qf6 28. Ne4 Qd4+ 29. Nf2 Nxf4 30. Bb5 Qd2 31. Ree7 Rf8 32. g3
Qc1+ 33. Bf1 Nd5 34. Nd3 Qg5 35. Re4 Qxg3+ 36. Kh1 Ne3 37. Rxe3 Qxe3 38.
Kg2 f5 39. Nf2 d5 40. Rd7 Rf6 41. Bd3 f4 42. Rxd5 f3+ 43. Kg1 Rg6+ 0-1

[Event "10th EICC"]
[Site "Budva MNE"]
[Date "2009.03.14"]
[Round "8"]
[White "Nestorovic,N"]
[Black "Ketzetzis,G"]
[Result "1/2-1/2"]
[WhiteElo "2415"]
[BlackElo "2243"]
[EventDate "2009.03.06"]

1. e4 c6 2. d4 d5 3. e5 Bf5 4. Nf3 e6 5. Be2 Bb4+ 6. Nbd2 Nd7 7. O-O Ba5 8.
c4 Ne7 9. Nh4 Bg6 10. Nxg6 hxg6 11. cxd5 Nxd5 12. Ne4 Qh4 13. Nd6+ Ke7 14.
h3 Bb6 15. Bg4 Kf8 16. Qf3 Qe7 17. Bg5 f6 18. Rae1 Bxd4 19. exf6 Qxd6 20.
Rxe6 Qc5 21. b4 Qc3 22. fxg7+ Kxg7 23. Rxg6+ Kxg6 24. Qf5+ Kg7 25. Qxd7+
Kg6 26. Qf5+ 1/2-1/2

[Event "10th EICC"]
[Site "Budva MNE"]
[Date "2009.03.14"]
[Round "8"]
[White "Vujic,M"]
[Black "Panic,Ne"]
[Result "1-0"]
[WhiteElo "2322"]
[BlackElo "2407"]
[EventDate "2009.03.06"]

1. e4 c5 2. Nf3 e6 3. c3 d5 4. exd5 Qxd5 5. d4 Nc6 6. Na3 cxd4 7. Nb5 Bd6
8. Bc4 Qe4+ 9. Be3 Bb8 10. Nbxd4 Nxd4 11. Qxd4 Qxd4 12. Bxd4 Nf6 13. O-O-O
a6 14. Ne5 b5 15. Be2 Bb7 16. Bf3 Bd5 17. Kc2 O-O 18. Nc6 Bxf3 19. Ne7+ Kh8
20. gxf3 Ba7 21. Nc6 Bxd4 22. Rxd4 Rac8 23. Ne5 Nd5 24. a4 Rc7 25. axb5
axb5 26. Ra1 Rfc8 27. Nd3 Rc4 28. Rxc4 bxc4 29. Ne5 h5 30. Nxf7+ Kg8 31.
Ng5 Nf4 32. Ne4 Nh3 33. Ra4 g5 34. Ra5 Rf8 35. Nxg5 Nxf2 36. Rc5 Rf5 37.
Rc8+ Kg7 38. Nxe6+ Kf6 39. Nd4 Rg5 40. Rc6+ Kf7 41. Rxc4 Rg2 42. h4 Rh2 43.
Ne2 Nh3 44. Kd3 Nf2+ 45. Kd2 Rh3 46. b4 Rxf3 47. Rf4+ Rxf4 48. Nxf4 Ne4+
49. Kd3 Ng3 50. b5 Ke7 51. Nd5+ Kd6 52. Ne3 Ke5 53. c4 Ne4 54. Nd5 Nd6 55.
Ne3 Ne4 56. Nd5 Nd6 57. b6 Ne4 58. Ne3 Nc5+ 59. Ke2 Ke4 60. Nf1 Kd4 61. Nd2
Nb7 62. Kf3 Ke5 63. Ke3 Nc5 64. Ne4 Nb7 65. Kd3 Nd8 66. Nc5 Kd6 67. b7 Kc7
68. Ke4 Nc6 69. Kf5 Kb6 70. Ne4 Kxb7 71. Kg5 Ne5 72. Kxh5 Kc6 73. Kg5 Nxc4
74. h5 Ne5 75. Kf5 Nf7 76. Kg6 Ne5+ 77. Kg7 Ng4 78. Nf6 Ne3 79. Kg6 Nc4 80.
h6 Ne5+ 81. Kg7 1-0

[Event "10th EICC"]
[Site "Budva MNE"]
[Date "2009.03.14"]
[Round "8"]
[White "Ferguson,M"]
[Black "Mikavica,M"]
[Result "1-0"]
[WhiteElo "2404"]
[BlackElo "2211"]
[EventDate "2009.03.06"]

1. e4 d6 2. d4 e5 3. Nf3 Nd7 4. Bc4 Be7 5. dxe5 Nxe5 6. Nxe5 dxe5 7. Qh5 g6
8. Qxe5 Nf6 9. Bh6 Qd6 10. Qxd6 cxd6 11. Nc3 Be6 12. Bb5+ Bd7 13. Bxd7+
Kxd7 14. f3 Rhc8 15. O-O-O Ke6 16. Rhe1 Ne8 17. Nd5 f6 18. Bf4 Rc6 19. Rd3
Rac8 20. Re2 a5 21. Rb3 Rb8 22. Rb5 Bd8 23. a4 b6 24. Be3 Kd7 25. Rd2 Kc8
26. Rd3 Kb7 27. Rdb3 Ka6 28. Kd1 Rb7 29. g4 Ng7 30. Rc3 Rxc3 31. Nxc3 Ne6
32. Rd5 Be7 33. Nb5 Nc7 34. Nxc7+ Rxc7 35. b3 Kb7 36. Kd2 Kc6 37. Kd3 Rd7
38. c3 Ra7 39. Kc4 Ra8 40. h4 Ra7 41. f4 Ra8 42. Rb5 Bd8 43. g5 fxg5 44.
hxg5 Ra7 45. Kd3 Rd7 46. c4 Bc7 47. Ke2 Re7 48. Kf3 Rf7 49. Rd5 Rf8 50. f5
Re8 51. Bf4 Rf8 52. Ke3 Rf7 53. f6 Rf8 54. Kd4 Re8 55. e5 dxe5+ 56. Bxe5
Bxe5+ 57. Rxe5 Rd8+ 58. Rd5 Re8 59. c5 bxc5+ 60. Rxc5+ Kd6 61. Rxa5 Re1 62.
Ra6+ Kd7 63. Ra7+ Kd6 64. Rxh7 Rg1 65. Rh8 Rg4+ 66. Kc3 Ke6 67. Re8+ Kf7
68. Re7+ Kf8 69. Re5 1-0

[Event "10th EICC"]
[Site "Budva MNE"]
[Date "2009.03.14"]
[Round "8"]
[White "Tassopoulos,M"]
[Black "Golubovic,B"]
[Result "1-0"]
[WhiteElo "2293"]
[BlackElo "2403"]
[EventDate "2009.03.06"]

1. e4 c6 2. Nf3 d5 3. Nc3 g6 4. d4 Bg7 5. Bd3 Bg4 6. exd5 cxd5 7. h3 Bxf3
8. Qxf3 e6 9. Bf4 a6 10. Ne2 Nc6 11. c3 Nge7 12. O-O b5 13. b4 O-O 14. a4
Qb6 15. Ra2 e5 16. dxe5 Nxe5 17. Bxe5 Bxe5 18. Rfa1 Rac8 19. axb5 axb5 20.
Ra6 Qb8 21. R1a4 Rc7 22. g3 Qc8 23. Bxb5 Qxh3 24. Ra7 Rfc8 25. Rxc7 Rxc7
26. Qe3 Bf6 27. Qf4 Qf5 28. Qxc7 Kg7 29. Ra1 h5 30. Qf4 Qc2 31. Rc1 Qb2 32.
Bd3 Nc6 33. Qf3 Ne5 34. Qxd5 h4 35. Bc4 h3 36. Kh1 Ng4 37. Qxf7+ Kh6 38.
Qf8+ Kh5 39. Rf1 1-0

[Event "10th EICC"]
[Site "Budva MNE"]
[Date "2009.03.14"]
[Round "8"]
[White "Veleski,R"]
[Black "Atakisi,U"]
[Result "0-1"]
[WhiteElo "2269"]
[BlackElo "2393"]
[EventDate "2009.03.06"]

1. e4 c5 2. Nf3 Nc6 3. Bc4 e6 4. O-O Qc7 5. Nc3 a6 6. a4 Bd6 7. d3 Nge7 8.
Be3 O-O 9. Qd2 b6 10. Rae1 Bb7 11. Ne2 f5 12. Bg5 fxe4 13. dxe4 Na5 14. Qd3
Ng6 15. Rd1 Nxc4 16. Qxc4 Ne5 17. Nxe5 Bxe5 18. f4 Bf6 19. Bxf6 gxf6 20.
Nc3 f5 21. e5 Kh8 22. Rd6 Rg8 23. Rf2 Rg7 24. Qe2 Rag8 25. g3 c4 26. Qe3
Bc6 27. Rfd2 h5 28. Qd4 h4 29. Ne2 b5 30. Qc5 Qb7 31. Rxc6 dxc6 32. Rd6
hxg3 33. hxg3 Qe7 34. Kf2 Rxg3 35. Nxg3 Qh4 36. Ke2 Rxg3 37. Qf2 Qg4+ 38.
Ke1 Rf3 0-1

[Event "10th EICC"]
[Site "Budva MNE"]
[Date "2009.03.14"]
[Round "8"]
[White "Pavlidis,Ant"]
[Black "Levin,Ev"]
[Result "1/2-1/2"]
[WhiteElo "2278"]
[BlackElo "2484"]
[EventDate "2009.03.06"]

1. e4 c5 2. Nf3 d6 3. d4 cxd4 4. Nxd4 Nf6 5. Nc3 a6 6. Bg5 e6 7. f4 Nbd7 8.
Qf3 Qc7 9. O-O-O b5 10. e5 Bb7 11. Qh3 dxe5 12. Nxe6 fxe6 13. Qxe6+ Be7 14.
Bxf6 gxf6 15. Be2 h5 16. Nd5 Bxd5 17. Rxd5 Nc5 18. Qf5 Qc6 19. Qg6+ Kf8 20.
Rhd1 Qe8 21. Qf5 Qc8 22. Qg6 Qe8 23. Qf5 Qc8 1/2-1/2